Re/Membering selves (Record no. 771219)

MARC details
000 -LEADER
fixed length control field 00732nam a2200241Ia 4500
003 - CONTROL NUMBER IDENTIFIER
control field OSt
005 - DATE AND TIME OF LATEST TRANSACTION
control field 20220928122351.0
008 - FIXED-LENGTH DATA ELEMENTS--GENERAL INFORMATION
fixed length control field 220927b |||||||| |||| 00| 0 eng d
037 ## - SOURCE OF ACQUISITION
Terms of availability Textual
040 ## - CATALOGING SOURCE
Original cataloging agency SDCL
Transcribing agency SDCL
Language of cataloging eng
041 ## - LANGUAGE CODE
Source of code eng
Language code of text/sound track or separate title eng
100 ## - MAIN ENTRY--PERSONAL NAME
Personal name Vevaina Coomi S
9 (RLIN) 457802
245 #0 - TITLE STATEMENT
Title Re/Membering selves
Remainder of title Alienation and survival in the novels of Margaret Atwood and Margaret Laurence.
260 ## - PUBLICATION, DISTRIBUTION, ETC.
Place of publication, distribution, etc. New Delhi
Name of publisher, distributor, etc. Creative
Date of publication, distribution, etc. 1996
300 ## - PHYSICAL DESCRIPTION
Extent xiv,378p.
Dimensions cm.
490 ## - SERIES STATEMENT
Series statement Creative new literatures series-11.
942 ## - ADDED ENTRY ELEMENTS (KOHA)
Classification part O-,3NAM:g, N6
Koha item type Textual
Source of classification or shelving scheme Colon Classification (CC)
Holdings
Withdrawn status Lost status Damaged status Not for loan Home library Current library Date acquired Total Checkouts Full call number Barcode Date last seen Price effective from Koha item type
        South Campus Library South Campus Library 2022-09-28   O-,3NAM:g N6 SC0732726 2022-09-28 2022-09-28 Textual
Copyright @ Delhi University Library System